00820nam a2200229 a 450000500170000000800410001704000250005804100080008304400070009109000130009810000290011124500870014026000490022730000110027665000190028765000230030665000320032965000290036194200130039099900130040395201740041620160826084757.0160826b1996 ck |||||rm||| 00| 0 spa d aCO-BoIAVHcCO-BoIAVH aspa ack aTEb00731 aPérez Arjona, Mónica10aParticipación de la comunidad negra del Chocó en el marco de la Ley 70 de 1993 aBogotá:bUniversidad de los Andes, c1996. a119 p. aLey 70 de 1993 aComunidades negras aParticipación comunitaria aDemocracia participativa cTESIS2z c865d865 00102z40708TESISIINV2017aBogotabBogotad1999-08-01eAndrade Pérez, Germán Ignaciol0oTE-0073p001219r2012-12-04 00:00:00tEj. 1w2012-12-04xDonacionyTESIS